000 00679nam a2200289Ia 4500
005 20260324150031.0
008 008 260324s9999 xx 000 0 eng d
020 _a9781315686240
037 _aEBOOK
040 _aCRL
040 _beng
040 _cCRL
041 _2eng
041 _aeng
084 _qCRL
100 _aBrian Bond; Ian Roy
_91224668
245 0 _aWar and Society Volume 1
245 2 _bA Yearbook of Military History
260 _bTaylor and Francis
260 _c1975
365 _a
365 _b180
856 _uhttp://www.taylorfrancis.com/books/9781315686240
942 _cEBOOK
999 _c1833807
_d1833807